5HLuxD.jpg

KING HENRY VIII SENIOR AND PRIMARY SCHOOL LIBRARY OPAC

Hocus Pocus (Record no. 5995)

000 -LEADER
fixed length control field 00726nam a22002057a 4500
005 - DATE AND TIME OF LATEST TRANSACTION
control field 20260115083518.0
008 - FIXED-LENGTH DATA ELEMENTS--GENERAL INFORMATION
fixed length control field 260115b ||||| |||| 00| 0 eng d
020 ## - INTERNATIONAL STANDARD BOOK NUMBER
International Standard Book Number 9780747590897
040 ## - CATALOGING SOURCE
Transcribing agency KH8
082 ## - DEWEY DECIMAL CLASSIFICATION NUMBER
Classification number 823.92 KIE
100 ## - MAIN ENTRY--PERSONAL NAME
Personal name Kieve,Paul
Relator term Author
245 ## - TITLE STATEMENT
Title Hocus Pocus
260 ## - PUBLICATION, DISTRIBUTION, ETC.
Place of publication, distribution, etc. 36 SOHO Square,London,W1D 3QY
Name of publisher, distributor, etc. Bloomsbury Publishing Plc
Date of publication, distribution, etc. 2007
300 ## - PHYSICAL DESCRIPTION
Extent 304 pages
Other physical details b illustration
Dimensions 17cm x 23cm
520 ## - SUMMARY, ETC.
Summary, etc. The greatest magicians in history step out of posters of themselves to teach a young Englishman, just starting his career, some of their secrets. Includes facts about the magicians....
650 ## - SUBJECT ADDED ENTRY--TOPICAL TERM
Topical term or geographic name entry element Juvenile Non-Fiction
655 ## - INDEX TERM--GENRE/FORM
Genre/form data or focus term Magic
655 ## - INDEX TERM--GENRE/FORM
Non-focus term English Fiction
942 ## - ADDED ENTRY ELEMENTS (KOHA)
Source of classification or shelving scheme
Koha item type Books - Fiction
Holdings
Withdrawn status Lost status Source of classification or shelving scheme Damaged status Not for loan Collection code Permanent Location Current Location Shelving location Date acquired Full call number Barcode Date last seen Price effective from Koha item type Public note
          Fiction KH8 Primary School Library KH8 Primary School Library Fiction 2026-01-15 823.92 KIE KHPL000008075 2026-01-15 2026-01-15 Books - Fiction PRIMARY LIBRARY

Powered By KH8 IT Dept